| 000 | 00321nam a22000977a 4500 | ||
|---|---|---|---|
| 008 | 150730b xxu||||| |||| 00| 0 eng d | ||
| 010 | _8HCCRSARF: 039 | ||
| 245 | _aHIGH COURT CRIMINAL SESSION No.54 of Uganda Vs Constantino Okwel aliasMagendo | ||
| 260 | _aHigh Court Kampala | ||
| 500 | _3Before: Hon. Mr. Justice J.W.N.Tsekooko | ||
| 999 |
_c8384 _d8384 |
||